000 00544nam a2200181Ia 4500
008 140527s9999 xx 000 0 und d
020 _a9780273754374
050 _aHF 5679
_b.R766 2012
100 _aRomney, Marshall B.
245 _aAccounting information systems /
_cMarshall B. Romney, Paul J. Steinbart
250 _a12th ed.
260 _aUpper Saddle River, NJ :
_bPrentice Hall,
_cc2012.
300 _a718 p. :
_bill. ;
_c28 cm.
500 _aIncludes glossary and index.
521 _aBSBA
942 _kFOR
_cBK
999 _c117440
_d117440